Languages of Countries That Start with F - Statistics

General Stats
  • This quiz has been taken 39 times
  • The average score is 5 of 6
Answer Stats
Hint Answer % Correct
France French
100%
Finland Finnish
97%
Fiji English
84%
Fiji Fijian
84%
Finland Swedish
75%
Fiji Fiji Hindi
47%
No matching quizzes found
Score Distribution
Percent of People with Each Score
Percentile by Number Answered
Your Score History
You have not taken this quiz